Soluciones duraderas como formas de inserción productiva de los refugiados centroamericanos: casos de Costa Rica y Nicaragua /
El objetivo general de este estudio es conocer las orientaciones y experiencias, tanto de las instituciones como de los refugiados, en los procesos de inserción productiva en los casos de Costa Rica y Nicaragua. en particular, lo que se delimita son las políticas que orientan los proyectos de soluci...
Sparad:
| Huvudupphovsman: | |
|---|---|
| Övriga upphovsmän: | |
| Materialtyp: | Text |
| Språk: | Spanish |
| Publicerad: |
s.l.e:
CIPRA. CIM
1985.
|
| Ämnen: | |
| Taggar: |
Lägg till en tagg
Inga taggar, Lägg till första taggen!
|
MARC
| LEADER | 00000 a a2200000 04500 | ||
|---|---|---|---|
| 001 | 13707 | ||
| 003 | cru IIS | ||
| 005 | 20220105112236.0 | ||
| 008 | 220105b1985 -us||||| |||| 00| 0 spa d | ||
| 020 | |a 92-9068-005-9 | ||
| 022 | |a 92-9068-005-9 | ||
| 040 | |a CRAI/IIS |c Centro de Recursos para el Aprendizaje y la Investigación |b español | ||
| 090 | |a 14.07.01 H265s | ||
| 100 | |a Herrera Balharry, Eugenio | ||
| 245 | |a Soluciones duraderas como formas de inserción productiva de los refugiados centroamericanos: |b casos de Costa Rica y Nicaragua / |c Eugenio Herrera Balharry | ||
| 260 | |a s.l.e: |b CIPRA. CIM |c 1985. | ||
| 300 | |a 103 páginas | ||
| 300 | |b **no definido** | ||
| 500 | |a Colección Centroamérica | ||
| 520 | |a El objetivo general de este estudio es conocer las orientaciones y experiencias, tanto de las instituciones como de los refugiados, en los procesos de inserción productiva en los casos de Costa Rica y Nicaragua. en particular, lo que se delimita son las políticas que orientan los proyectos de solución duradera los logros y dificultades en la implementación, ejecución y seguimiento de esos proyectos y la respuesta de los refugiados. Se ofrece una perspectiva general de la situación histórica y actual de los proyectos productivos rurales y urbanos, así como una descripción particular de los catorce proyectos visitados. El informe aporta un conjunto de recomendaciones técnicas para el mejoramiento de los proyectos de solución duradera para refugiados. EVM/mb | ||
| 650 | |a REFUGIADOS |0 TESAUROS | ||
| 650 | |a INMIGRACION |0 TESAUROS | ||
| 650 | |a MERCADO DE TRABAJO |0 TESAUROS | ||
| 650 | |a POLITICA MIGRATORIA |0 TESAUROS | ||
| 650 | |a LEGISLACION SOBRE LA INMIGRACION |0 TESAUROS | ||
| 650 | |a POLITICA AGRARIA |0 TESAUROS | ||
| 650 | |a POLITICA DE EMPLEO |0 TESAUROS | ||
| 650 | |a REFUGIADOS |0 TESAUROS | ||
| 650 | |a AYUDA FINANCIERA |0 TESAUROS | ||
| 650 | |a POBLACION ACTIVA |0 TESAUROS | ||
| 700 | |a Zamora Chacón, Neddy | ||
| 852 | 1 | 1 | |a 14.07.01 H265s |
| 942 | |2 ddc |c LI |h 14.07.01 H265s |k 14.07.01 |m H265s |6 140701_H265S | ||
| 999 | |c 17681 |d 17681 | ||



